Statistics for Resort Towns by State Quiz

Click here to take the quiz!

General Stats

  • This quiz has been taken 27,164 times
    (27,155 since last reset)
  • The average score is 15 of 24

Answer Stats

Resort Town State % Correct
Las VegasNevada
100%
Key WestFlorida
96%
AspenColorado
86%
Atlantic CityNew Jersey
84%
Palm SpringsCalifornia
84%
Kailua-KonaHawaii
82%
Myrtle BeachSouth Carolina
71%
East HamptonNew York
66%
SedonaArizona
63%
Martha's VineyardMassachusetts
63%
Big SkyMontana
62%
VailColorado
60%
Lake PlacidNew York
60%
Jackson HoleWyoming
59%
NantucketMassachusetts
57%
Hilton HeadSouth Carolina
55%
TaosNew Mexico
52%
Park CityUtah
48%
KennebunkportMaine
47%
GatlinburgTennessee
46%
Mackinac IslandMichigan
42%
SundanceUtah
42%
BendOregon
37%
Rehoboth BeachDelaware
30%

Score Distribution

Percentile by Number Answered

Percent of People with Each Score

Your Score History

You have not taken this quiz since the last reset